[Event "FSGM February"]
[Site "Budapest HUN"]
[Date "2001.02.05"]
[Round "2"]
[White "Berkes,F"]
[Black "Sherzer,A"]
[Result "1/2-1/2"]
[WhiteElo "2340"]
[BlackElo "2472"]

1.c4 e5 2.g3 c6 3.d4 exd4 4.Qxd4 d5 5.Bg2 Nf6 6.Nc3 Be6 7.cxd5 cxd5 8.Nf3 Nc6
9.Qa4 Bc5 10.O-O O-O 11.Qb5 Qb6 12.Qxb6 axb6 13.Rd1 d4 14.Nb5 Bb3 15.Re1 Rxa2
16.Rxa2 Bxa2 17.Kf1 Bc4 18.Na3 Ba6 19.Bf4 Re8 20.h3 h6 21.h4 Nd5 22.Bd2 Ndb4
23.Bh3 Ne5 24.Kg2 Nxf3 25.Kxf3 Nc6 26.Bf5 Ne5+ 27.Kg2 Nc6 28.Kf3 Kf8 29.Nc2 Ne5+
30.Kg2 Rd8 31.Bf4 Nc6 32.Bd2 Bc4 33.Kf1 b5 34.Na3 Ne5 35.Bf4 Nc6 36.Rc1 Bxa3
37.bxa3 Ke7 38.a4 Ra8 39.axb5 Bxb5 40.Rb1 Ba6 41.Be4 Rc8 42.Rd1 Rd8 43.Bc7 Rd7
44.Bb6 d3 45.exd3 Ne5 46.Ke2 Ke6 47.f4 Ng4 48.Bf3 Nh2 49.Bg2 f5 50.Bh3 Rd5
51.Ke3 Rb5 52.Bd4 g6 53.Rd2 Rb3 54.Be5 Ng4+ 55.Bxg4 fxg4 56.Ke4 Bb5 57.Bd4 Bc6+
58.Ke3 Rb1 59.Ke2 Bf3+ 60.Kf2 h5 61.Rb2 Rd1 62.Rb6+ Bc6 63.Ke2 Rc1 64.Be3 Rc3
65.Bd2 Ra3 66.Rb1 Ra2 67.Ke3 Kd5 68.Rb4 Kc5 69.Rc4+ Kd6 70.Bb4+ Ke6 71.Bd2 Rb2
72.Rb4 Rc2 73.Rc4 Ra2 74.Rc1 Kd7 75.Rc5 Ke6 76.Rg5 Be8 77.Re5+ Kd7 78.f5 gxf5
79.Rxf5 Ra3 80.Rd5+ Ke6 81.Rd6+ Ke5 82.Rd8 Bg6 83.Bb4 Rb3 84.Bd6+ Ke6 85.Bf4 b5
86.Rd6+ Kf7 87.Be5 b4 88.Rf6+ Kg7 89.Kf4 Bxd3 90.Kg5 Kg8 91.Kxh5 Bc2 92.Kxg4 Re3
93.Bb2 Bd1+ 94.Kh3 Re2 95.Bd4 Re4 96.Rg6+ Kf7 97.Rg7+ Ke6 98.Ba1 b3 99.Rg6+ Kf7
100.Rg7+ Kf8 101.Rg5 Ra4 102.Bh8 Be2 103.h5  1/2-1/2

[Event "FSGM February"]
[Site "Budapest HUN"]
[Date "2001.02.13"]
[Round "10"]
[White "Medvegy,Z"]
[Black "Estrada Nieto,J"]
[Result "1/2-1/2"]
[WhiteElo "2444"]
[BlackElo "2372"]

1.c4 e5 2.g3 c6 3.d4 Bb4+ 4.Nc3 Bxc3+ 5.bxc3 Qa5 6.Qd2 d6 7.c5 Nf6 8.cxd6 O-O
9.Bg2 Nbd7 10.Nh3 Nb6 11.dxe5 Qxe5 12.O-O Rd8 13.Qd4 Qxd4 14.cxd4 Rxd6 15.Rd1 Nfd5
16.Bd2 Nc4 17.Be1 Bg4 18.f3  1/2-1/2

[Event "ch-ROM Women"]
[Site "Baile Tusnad ROM"]
[Date "2001.02.16"]
[Round "9"]
[White "Foisor,C"]
[Black "Ionescu Brandis,I"]
[Result "1-0"]
[WhiteElo "2418"]
[BlackElo "2330"]

1.c4 e5 2.g3 Nf6 3.Bg2 c6 4.d4 Bb4+ 5.Bd2 Bxd2+ 6.Qxd2 d6 7.Nc3 O-O 8.e3 Qe7
9.Nge2 Re8 10.h3 h5 11.O-O e4 12.b4 Nbd7 13.c5 d5 14.b5 Nf8 15.Rfb1 N8h7
16.Qd1 h4 17.gxh4 g6 18.Ng3 Kg7 19.a4 Rh8 20.a5 a6 21.bxc6 bxc6 22.Rb6 Qe6
23.Nce2 Nf8 24.h5 g5 25.Nc3 Qe8 26.Rab1 Bd7 27.Bf1 Qc8 28.R1b2 Bxh3 29.Be2 N6d7
30.R6b4 f5 31.Rb7 Kh6 32.Kh2 f4 33.Kxh3 f3 34.Bxf3 exf3 35.Qxf3 Ne6 36.Qf7  1-0

[Event "Masters"]
[Site "Bunratty IRL"]
[Date "2001.02.16"]
[Round "2"]
[White "Dooley,M"]
[Black "Collinson,A"]
[Result "0-1"]
[WhiteElo "2152"]
[BlackElo "2404"]

1.c4 e5 2.g3 Nf6 3.Bg2 c6 4.d4 Bb4+ 5.Bd2 Bxd2+ 6.Qxd2 d6 7.dxe5 dxe5 8.Qxd8+ Kxd8
9.Nf3 Re8 10.Nc3 Kc7 11.O-O-O h6 12.e4 Na6 13.Rhe1 Bg4 14.Rd2 Nc5 15.b4 Bxf3
16.Bxf3 Ne6 17.Bg2 a5 18.b5 Rad8 19.Red1 Rxd2 20.Rxd2 Nc5 21.f3 Nfd7 22.Kc2 Nb6
23.Bf1 Re7 24.h4 Ne6 25.Kb2 Nd4 26.f4 Nd7 27.Bg2 f6 28.Kc1 Kd6 29.Na4 Nc5
30.Nc3 Kc7 31.Bf1 g5 32.f5 gxh4 33.gxh4 Rg7 34.Rg2 Nd3+ 35.Kb1 Rxg2 36.Bxg2 Nf4
37.Bf1 Nf3 38.Kc2 Nxh4 39.Kd2 Nf3+ 40.Ke3 Nd4 41.Na4 cxb5 42.cxb5 h5 43.Nc5 h4
44.Kf2 Nh5 45.Kg2 Nxb5 46.Nxb7 Kxb7 47.Bxb5 Nf4+ 48.Kf3 Kb6 49.a4  0-1

[Event "Masters"]
[Site "Bunratty IRL"]
[Date "2001.02.17"]
[Round "4"]
[White "Dooley,M"]
[Black "O'Donovan,R"]
[Result "1/2-1/2"]
[WhiteElo "2152"]
[BlackElo "2173"]

1.c4 e5 2.g3 g6 3.Bg2 Bg7 4.Nc3 Ne7 5.e4 d6 6.Nge2 Be6 7.d3 O-O 8.O-O c6
9.Bg5 f6 10.Be3 Nd7 11.b3 f5 12.Qd2 Rf7 13.f3 d5 14.exd5 cxd5 15.d4 Qa5 16.Nxd5 Qxd2
17.Nxe7+ Rxe7 18.Bxd2 exd4 19.Bb4 Bxc4 20.bxc4 Rxe2 21.f4  1/2-1/2

[Event "US Amateur Team East"]
[Site "Parsippany USA"]
[Date "2001.02.17"]
[Round "2"]
[White "McClain,D"]
[Black "Feuerstein,A"]
[Result "1/2-1/2"]
[WhiteElo "2265"]
[BlackElo "2177"]

1.c4 e5 2.g3 d6 3.Bg2 g6 4.Nc3 Bg7 5.e3 Nf6 6.Nge2 O-O 7.O-O c6 8.d4 Qc7
9.b3 Re8 10.Qc2 Bf5 11.e4 Bc8 12.d5 cxd5 13.cxd5 b5 14.Qb2 b4 15.Na4 Ba6
16.f3 Qb7 17.Be3 Qb5 18.Rfe1 Rc8 19.Bf1 Qb7 20.Rac1 Nbd7 21.Rxc8+ Rxc8 22.Rc1 Rxc1
23.Nxc1 Bxf1 24.Kxf1 Ne8 25.Qc2 a6 26.Nd3 Bf6 27.Qc4 a5 28.Qc6 Qxc6 29.dxc6 Nb8
30.c7 Nxc7 31.Bb6 Nca6 32.Bxa5 Nc6 33.Bb6 Kf8 34.Ke2 Ke7 35.Be3 Ke6 36.Nb6 Bd8
37.Nd5 Ba5 38.g4 Nc7 39.Nxc7+ Bxc7 40.h3 f5 41.gxf5+ gxf5 42.Bd2 Ba5 43.Be3  1/2-1/2

[Event "Masters"]
[Site "Bunratty IRL"]
[Date "2001.02.18"]
[Round "5"]
[White "Lalic,B"]
[Black "Baburin,A"]
[Result "1-0"]
[WhiteElo "2531"]
[BlackElo "2598"]

1.c4 e5 2.g3 Nf6 3.Bg2 c6 4.d4 exd4 5.Qxd4 d5 6.Nf3 dxc4 7.Qxc4 Be7 8.O-O O-O
9.Qc2 Na6 10.a3 Qa5 11.Nc3 Qh5 12.b4 Nc7 13.Bb2 a5 14.bxa5 Rxa5 15.h4 Rc5
16.a4 Ncd5 17.Qb3 Re8 18.Rac1 Ra5 19.Rfd1 Bf8 20.Nxd5 Nxd5 21.Rd2 Bc5 22.Ng5 Rxe2
23.Rxd5 cxd5 24.Qc3 Rxb2 25.Qxa5 f6 26.Rxc5 Qg4 27.Qa7  1-0

[Event "Open"]
[Site "Coria del Rio ESP"]
[Date "2001.02.18"]
[Round "5"]
[White "Matamoros Franco,C"]
[Black "Pena Dieguez,M"]
[Result "1-0"]
[WhiteElo "2467"]
[BlackElo "2090"]

1.c4 e5 2.g3 f5 3.Bg2 Nf6 4.d4 Bb4+ 5.Bd2 Bxd2+ 6.Qxd2 e4 7.Nc3 O-O 8.f3 d5
9.cxd5 e3 10.Qxe3 Re8 11.Qd2 Nxd5 12.Nxd5 Qxd5 13.e3 c5 14.Ne2 Nc6 15.O-O cxd4
16.f4 Qe6 17.Nxd4 Qxe3+ 18.Qxe3 Rxe3 19.Nxc6 bxc6 20.Bxc6 Rb8 21.Rfe1 Rd3
22.Re8+ Kf7 23.Rae1 Rxb2 24.Rxc8 Rxh2 25.Be8+  1-0

[Event "IV Open"]
[Site "Malaga ESP"]
[Date "2001.02.24"]
[Round "2"]
[White "Diez Gonzalez,P"]
[Black "Vega Gutierrez,B"]
[Result "1-0"]
[WhiteElo "2317"]
[BlackElo "2053"]

1.c4 e5 2.g3 Nf6 3.Bg2 c6 4.d4 Bb4+ 5.Bd2 Bxd2+ 6.Qxd2 d6 7.Nc3 O-O 8.e3 Re8
9.Nge2 Nbd7 10.O-O Nb6 11.b3 exd4 12.Nxd4 d5 13.c5 Nbd7 14.b4 a5 15.b5 Qc7
16.Rac1 Nxc5 17.Qc2 Ncd7 18.bxc6 bxc6 19.Nxd5 Nxd5 20.Bxd5 Bb7 21.Bxc6 Bxc6
22.Qxc6 Qxc6 23.Rxc6 g6 24.Rc7 Nf6 25.Rfc1 Reb8 26.R1c2 Nd5 27.Rd7 Rd8 28.Rxd8+ Rxd8
29.Rc5 a4 30.Nc6 Rd7 31.Rxd5  1-0

[Event "5th United Insurance"]
[Site "Dhaka BAN"]
[Date "2001.02.25"]
[Round "7"]
[White "Davies,N"]
[Black "Murshed,N"]
[Result "1/2-1/2"]
[WhiteElo "2464"]
[BlackElo "2457"]

1.c4 e5 2.g3 d6 3.Bg2 g6 4.Nc3 Bg7 5.e4 Nc6 6.Nge2 Nd4 7.Nxd4 exd4 8.Ne2 Ne7
9.d3 O-O 10.O-O Rb8 11.b4 b5 12.cxb5 Rxb5 13.Bd2 Rb8 14.Qc2 c6 15.Rab1 h6
16.Rfd1 Bg4 17.f3 Bd7 18.a4 a6 19.Rdc1 Qc7 20.Kh1 Rb7 21.f4 Qb8 22.Rf1 Kh8
23.f5 gxf5 24.Qc1 Ng8 25.exf5 Re8 26.Nf4 Nf6 27.Qd1 d5 28.Nh5 Re3 29.Rf4 Rxd3
30.Nxg7 Rxb4 31.Rxb4 Qxb4 32.Rf2 Kxg7 33.Bxh6+ Kxh6 34.Qxd3 Ng4 35.Rf4 Qe1+
36.Qf1 Qxf1+ 37.Bxf1 Ne3 38.Bxa6 c5 39.a5 Bxf5 40.Bb7 Be4+ 41.Rxe4 dxe4 42.Bxe4 Nc4
43.a6 Nb6 44.Kg2 Kg5 45.a7 f5 46.a8=Q Nxa8 47.Bxa8 c4 48.Kf3 c3 49.h4+ Kh5
50.Ke2 Kg4 51.Bd5 f4 52.Be6+ Kxg3 53.h5 f3+ 54.Kd1 d3 55.Bc4 Kf4 56.Bxd3 Kg5  1/2-1/2

[Event "IV Open"]
[Site "Malaga ESP"]
[Date "2001.02.28"]
[Round "6"]
[White "Matamoros Franco,C"]
[Black "Munoz Moreno,F"]
[Result "1-0"]
[WhiteElo "2467"]
[BlackElo "2291"]

1.c4 e5 2.g3 Nf6 3.Bg2 c6 4.d4 exd4 5.Qxd4 d5 6.Nf3 Be7 7.cxd5 cxd5 8.O-O Nc6
9.Qa4 Qb6 10.Nc3 O-O 11.Qb5 d4 12.Qxb6 axb6 13.Nb5 Bc5 14.Bd2 Be6 15.b4 Bxb4
16.Bxb4 Nxb4 17.Nfxd4 Bxa2 18.Bxb7 Ra5 19.Nc3 Rb8 20.Bf3 Rc8 21.Nxa2 Rxa2
22.Rac1 Rc5 23.Rb1 Ra4 24.Rfc1 g6 25.Nb3 Rc2 26.Rd1 Kg7 27.Rd6 Na2 28.Nd4 Rd2
29.Nf5+  1-0

[Event "IV Open"]
[Site "Malaga ESP"]
[Date "2001.02.28"]
[Round "6"]
[White "Suba,M"]
[Black "Garcia Martinez,S"]
[Result "1-0"]
[WhiteElo "2532"]
[BlackElo "2371"]

1.c4 e5 2.g3 Nf6 3.Bg2 d5 4.cxd5 Nxd5 5.Nc3 Nb6 6.Nf3 Nc6 7.O-O Be7 8.a3 O-O
9.b4 Be6 10.Rb1 f6 11.d3 a5 12.b5 Nd4 13.Nd2 Nd5 14.Bxd5 Bxd5 15.e3  1-0

[Event "IV Open"]
[Site "Malaga ESP"]
[Date "2001.03.01"]
[Round "7"]
[White "Franco Ocampos,Z"]
[Black "Gleizerov,E"]
[Result "1-0"]
[WhiteElo "2482"]
[BlackElo "2586"]

1.c4 e5 2.g3 Nc6 3.Bg2 g6 4.Nc3 Bg7 5.e4 d6 6.Nge2 h5 7.h4 Bg4 8.f3 Be6 9.d3 Qd7
10.Nd5 f5 11.Bg5 Nd8 12.exf5 gxf5 13.d4 Nf7 14.Qd2 Nxg5 15.hxg5 Ne7 16.Nf6+ Bxf6
17.gxf6 Ng8 18.O-O-O Nxf6 19.dxe5 dxe5 20.Qc3 Qe7 21.Rhe1 Kf7 22.Qxe5 Bxc4
23.Qc3 Bxe2 24.Bf1 Rad8 25.Bxe2 Kg7 26.Bd3 Qf7 27.Bxf5 Rxd1+ 28.Rxd1 Re8
29.g4 hxg4 30.fxg4 Kg8 31.Bc2 Ne4 32.Qe3 Nf6 33.Qg5+ Qg7 34.Bb3+ Kh8 35.Rh1+ Nh7
36.Qf5 Qe7 37.g5  1-0

[Event "Belgian Interteams 2000-1"]
[Site "BEL"]
[Date "2001.03.04"]
[Round "13"]
[White "Kern,G"]
[Black "Winants,L"]
[Result "0-1"]
[WhiteElo "2345"]
[BlackElo "2515"]

1.c4 e5 2.g3 Nc6 3.Bg2 f5 4.Nc3 Nf6 5.e3 d5 6.Nxd5 Nxd5 7.cxd5 Nb4 8.d3 Nxd5
9.Nf3 Bb4+ 10.Bd2 Bxd2+ 11.Qxd2 Qd6 12.d4 e4 13.Ne5 O-O 14.Rc1 Be6 15.O-O c6
16.f3 exf3 17.Bxf3 Nf6 18.a3 Bd5 19.Qa5 Bxf3 20.Rxf3 Ne4 21.Nc4 Qd7 22.Ne5 Qd6
23.Nc4 Qe6 24.Qe5 Qd7 25.Qa5 c5 26.Ne5 Qd5 27.Rff1 Qb3 28.Qe1 cxd4 29.exd4 Rad8
30.Nf3 Qxb2 31.Rb1 Qxa3 32.Rxb7 Rb8 33.Rxb8 Rxb8 34.Nd2 Nxd2 35.Qxd2 Rf8
36.Qf4 Qe7 37.Rc1 g5 38.Rc7 Qe1+ 39.Qf1 Qxf1+ 40.Kxf1 Rf7 41.Rc5 Kg7 42.Ra5 Kg6
43.Kf2 Rb7 44.Ra6+ Kf7 45.Ke3 Rb3+ 46.Kf2 Rb2+ 47.Kg1 Rb7 48.Kf2 Ke7 49.Rh6 Ke8
50.Ra6 Rf7 51.Kf3 Kd8 52.Ra5 Kc8 53.g4 fxg4+ 54.Kxg4 Kb7 55.Kxg5 Kb6 56.Ra1 a5
57.Rb1+ Kc6 58.h4 a4 59.h5 a3 60.d5+ Kxd5 61.Ra1 Ra7 62.Kh6 a2 63.Rxa2 Rxa2
64.Kxh7 Ke6 65.h6 Kf7  0-1

[Event "Victor Ciocaltea Mem"]
[Site "Bucharest ROM"]
[Date "2001.03.05"]
[Round "2"]
[White "Ionescu,Co"]
[Black "Marin,M"]
[Result "1/2-1/2"]
[WhiteElo "2504"]
[BlackElo "2604"]

1.g3 e5 2.c4 Nf6 3.Bg2 c6 4.d4 Bb4+ 5.Bd2 Bxd2+ 6.Qxd2 d6 7.Nc3 O-O 8.e3 Be6
9.b3 exd4 10.Qxd4 d5 11.cxd5 Nxd5 12.Nxd5 Bxd5 13.Bxd5 cxd5 14.Nf3  1/2-1/2

[Event "Ivan Zanic Mem"]
[Site "Stara Pazova YUG"]
[Date "2001.03.14"]
[Round "6"]
[White "Dimitrov,V"]
[Black "Pap,M"]
[Result "1/2-1/2"]
[WhiteElo "2499"]
[BlackElo "2405"]

1.g3 e5 2.c4 Nf6 3.Bg2 d5 4.cxd5 Nxd5 5.Nf3 Nc6 6.O-O Be7 7.d4 exd4 8.Nxd4 Nxd4
9.Qxd4 Nf6 10.Qa4+ c6 11.Nc3 O-O 12.e4 Qb6 13.h3 Be6 14.Qc2 Rad8 15.Be3 Qa6
16.b3 Qd3 17.Rfc1 Qxc2 18.Rxc2 b6 19.Ne2 c5 20.Nf4 Bc8 21.e5 g5 22.exf6 Bxf6
23.Re1 gxf4 24.Bxf4 Rfe8 25.Rxe8+ Rxe8  1/2-1/2

[Event "Open"]
[Site "Kazimierz Dolny POL"]
[Date "2001.03.15"]
[Round "6"]
[White "Kalinin,O"]
[Black "Krysztofiak,M"]
[Result "1-0"]
[WhiteElo "2386"]
[BlackElo "2296"]

1.c4 e5 2.g3 Nc6 3.Bg2 g6 4.Nc3 Bg7 5.e3 d6 6.Nge2 h5 7.h3 Nge7 8.d3 h4 9.Rb1 hxg3
10.fxg3 Be6 11.Nd5 Qd7 12.b4 Rc8 13.b5 Nd8 14.Nxe7 Qxe7 15.Qa4 Qd7 16.h4 a6
17.Nc3 axb5 18.Qxb5 c6 19.Qa5 O-O 20.Ba3 f5 21.Na4 Nf7 22.Nb6 Qc7 23.Qd2 Rcd8
24.O-O g5 25.Bh3 gxh4 26.e4 Nh6 27.Qg5 Qf7 28.exf5 Bxf5 29.Bxf5 Nxf5 30.g4  1-0

[Event "Ivan Zanic Mem"]
[Site "Stara Pazova YUG"]
[Date "2001.03.17"]
[Round "9"]
[White "Colovic,A"]
[Black "Prelevic,D"]
[Result "0-1"]
[WhiteElo "2416"]
[BlackElo "2385"]

1.c4 e5 2.g3 Nc6 3.Bg2 f5 4.Nc3 Nf6 5.d3 Bb4 6.Bd2 O-O 7.a3 Bxc3 8.Bxc3 d6
9.Qd2 Qe8 10.Nh3 Rb8 11.f4 Nd4 12.Rb1 b5 13.O-O bxc4 14.dxc4 Nb3 15.Qe3 e4
16.Bb4 Qa4 17.Nf2 c5 18.Bc3 d5 19.Nxe4 dxe4 20.Be5 Ng4 21.Qc3 Nxe5 22.Qxe5 Rb6
23.Rfd1 Qxc4 24.e3 Qe6 25.Qc3 Ba6 26.h3 Bd3 27.Bf1 c4 28.Bxd3 cxd3  0-1

[Event "TCh-SVK"]
[Site "SVK"]
[Date "2001.03.17"]
[Round "10"]
[White "Pcola,Pa"]
[Black "Todor,R"]
[Result "1/2-1/2"]
[WhiteElo "2368"]
[BlackElo "2200"]

1.c4 e5 2.g3 Nf6 3.Bg2 d5 4.cxd5 Nxd5 5.Nc3 Be6 6.Nf3 Nc6 7.O-O Be7 8.d3 O-O
9.Bd2 Qd7 10.Re1 f6 11.Rc1 Nb6 12.Qc2 Nb4 13.Qb1 Na6 14.Ne4 c5 15.b3 Rac8  1/2-1/2

[Event "17th Spring Festival"]
[Site "Budapest HUN"]
[Date "2001.03.22"]
[Round "7"]
[White "Metaxasz,V"]
[Black "Morvay,J"]
[Result "0-1"]
[WhiteElo "2141"]
[BlackElo "2240"]

1.c4 e5 2.g3 Nc6 3.Bg2 f5 4.Nc3 Nf6 5.d3 Bb4 6.Bd2 Bxc3 7.Bxc3 d6 8.e3 O-O
9.Ne2 Be6 10.O-O Qd7 11.b3 d5 12.Qc2 Rad8 13.Rad1 Bf7 14.a3 a6 15.Bb2 Qe7
16.Rd2 Rd7 17.Rfd1 Rfd8 18.cxd5 Bxd5 19.e4 fxe4 20.dxe4 Be6 21.Rxd7 Rxd7
22.Rxd7 Qxd7 23.b4 b5 24.h3 Qd6 25.Nc1 a5 26.bxa5 Nxa5 27.f4 Nd7 28.f5 Bf7
29.Ne2 Nc4 30.Bc1 Nc5 31.Kh2 c6 32.Bf3 Qd3 33.Qxd3 Nxd3  0-1

[Event "17th Spring Festival"]
[Site "Budapest HUN"]
[Date "2001.03.24"]
[Round "9"]
[White "Metaxasz,V"]
[Black "Jamrich,G"]
[Result "1-0"]
[WhiteElo "2141"]
[BlackElo "2283"]

1.c4 e5 2.g3 Nc6 3.Bg2 g6 4.Nc3 Bg7 5.e3 d6 6.Nge2 Be6 7.d4 Bxc4 8.d5 Bxe2
9.Qxe2 Nce7 10.Qb5+ Qd7 11.Qxb7 Qc8 12.Qb5+ Kf8 13.O-O f5 14.e4 Nf6 15.f4 exf4
16.Bxf4 Rb8 17.Qe2 Kf7 18.e5 dxe5 19.Bxe5 Re8 20.Qc4 Kf8 21.Nb5 Qa6 22.a4 Rbc8
23.Rac1 Nexd5 24.Bxd5 Rxe5 25.Qc5+ Re7 26.Nxa7 Rd8 27.Nc6 Nxd5 28.Nxd8 Qd3
29.Ne6+ Kf7 30.Nxg7 Ne3 31.Rf3 Qe2 32.Rxe3 Rxe3 33.Nxf5 Re5 34.Qxc7+ Kf6
35.Qd8+ Kxf5 36.Rf1+ Ke4 37.Rf4+  1-0

[Event "Linklater Mem"]
[Site "San Francisco USA"]
[Date "2001.03.28"]
[Round "3"]
[White "Mulyar,M"]
[Black "Baburin,A"]
[Result "0-1"]
[WhiteElo "2428"]
[BlackElo "2598"]

1.c4 e5 2.g3 Nf6 3.Bg2 d5 4.cxd5 Nxd5 5.Nc3 Nb6 6.Nf3 Nc6 7.Rb1 g6 8.O-O Bg7
9.b4 O-O 10.d3 Nd4 11.Nxd4 exd4 12.Ne4 Nd5 13.Bg5 f6 14.Bd2 b6 15.Qc1 Be6
16.Qc6 Qe8 17.Qxe8 Rfxe8 18.h3 Rad8 19.Rfc1 h6 20.g4 f5 21.gxf5 gxf5 22.Ng3 Nc3
23.Bxc3 dxc3 24.Rc2 c5 25.Bf1 c4 26.dxc4 f4 27.Ne4 Bf5 28.f3 Rxe4 29.fxe4 Bxe4
30.Rcc1 Bxb1  0-1

[Event "Open"]
[Site "Bled SLO"]
[Date "2001.04.01"]
[Round "9"]
[White "Ilic,S"]
[Black "Soln,P"]
[Result "0-1"]
[WhiteElo "2200"]
[BlackElo "2399"]

1.c4 e5 2.g3 Nc6 3.Bg2 d6 4.Nc3 Be6 5.d3 Qd7 6.Rb1 g6 7.b4 Bg7 8.b5 Nd8 9.Qc2 Ne7
10.a4 O-O 11.Nd5 Nf5 12.e3 c6 13.bxc6 bxc6 14.Nc3 d5 15.c5 d4 16.Ne4 Bd5
17.Ne2 Ne6 18.O-O Qe7 19.Bd2 Bh6 20.Qc1 Rab8 21.Rxb8 Rxb8 22.Re1 dxe3 23.fxe3 Bxe4
24.Bxe4 Nxc5 25.Bxf5 gxf5 26.Qc4 Qd6 27.Nc1 Qd5 28.Qh4 Bg7 29.Bc3 Ne6 30.Qh5 Qc5
31.Bd2 Rb2 32.Qd1 f4 33.gxf4 exf4 34.Re2 Ng5 35.Kf1 Nf3 36.Rg2 fxe3 37.Nb3 Nxd2+
38.Nxd2 Qf5+ 39.Kg1 exd2  0-1

[Event "ch-PHI"]
[Site "Quezon City PHI"]
[Date "2001.04.03"]
[Round "2"]
[White "Gonzales,Jay"]
[Black "Garma,C"]
[Result "1-0"]
[WhiteElo "2396"]
[BlackElo "2400"]

1.c4 e5 2.g3 Nf6 3.Bg2 d5 4.cxd5 Nxd5 5.Nf3 Nc6 6.O-O Be7 7.d4 exd4 8.Nxd4 Ndb4
9.Nxc6 Nxc6 10.Qa4 O-O 11.Nc3 Bd7 12.Rd1 Bd6 13.Ne4 Ne5 14.Qd4 Nc6 15.Qd2 Bg4
16.h3 Bh5 17.Nxd6 cxd6 18.g4 Bg6 19.Qxd6 Qb6 20.Qa3 Rfe8 21.Be3 Qb5 22.Rd2 h5
23.Qc5 Qa6 24.gxh5 Be4 25.f3 Re5 26.Qc3 Bf5 27.h6 gxh6 28.Bxh6 Kh7 29.Bf4 Rxe2
30.Qc5 Bg6 31.Bf1 Qa4 32.Rxe2 Qxf4 33.Qe3 Qh4 34.Rd1 Rd8 35.Rxd8 Nxd8 36.f4 Ne6
37.Rf2 Ng7 38.Bd3 Qf6 39.Qe5 Qd8 40.Be4 f5 41.Bxb7 Nh5 42.Bf3 Nf6 43.Kh2 Kh6
44.Bg2 Nh5 45.Rc2 Ng7 46.Rc7 Ne6 47.Rxa7 Nd4 48.Qg7+ Kh5 49.Rd7  1-0

[Event "Dos Hermanas Internet KO"]
[Site "ICC INT"]
[Date "2001.04.06"]
[Round "1.1"]
[White "Adla,D"]
[Black "Stripunsky,A"]
[Result "1-0"]
[WhiteElo "2499"]
[BlackElo "2495"]

1.c4 e5 2.g3 c6 3.d4 exd4 4.Qxd4 d5 5.cxd5 cxd5 6.Nf3 Nc6 7.Qa4 Bc5 8.Bg2 Ne7
9.O-O O-O 10.Nc3 d4 11.Rd1 Bd7 12.Ne4 Bb6 13.Bg5 h6 14.Bd2 Be6 15.b4 Bd5
16.Ne1 Re8 17.b5 Ne5 18.Rac1 N7g6 19.Bb4 Nc4 20.Nd6 Nxd6 21.Bxd5 Rxe2 22.Nd3 Qf6
23.Bxd6 Qxd6 24.Bxb7 Rae8 25.Bf3 R2e7 26.Rc6 Qd8 27.Qc4 Ne5 28.Nxe5 Rxe5
29.a4 h5 30.a5 Bxa5 31.Rxd4 Qg5 32.Kg2 Bb6 33.Rf4 Qe7 34.Bd5 Rf8 35.Rxf7 Rxf7
36.Bxf7+ Kh8 37.Rxb6  1-0

[Event "Zone 3.1a"]
[Site "Tehran IRI"]
[Date "2001.04.07"]
[Round "5"]
[White "Ghaem Maghami,E"]
[Black "Moradiabadi,E"]
[Result "1-0"]
[WhiteElo "2504"]
[BlackElo "2303"]

1.c4 e5 2.g3 Nc6 3.Bg2 g6 4.Nc3 Bg7 5.Rb1 a5 6.a3 f5 7.d3 Nf6 8.e3 d6 9.Nge2 O-O
10.O-O Be6 11.Nd5 Qd7 12.f4 e4 13.Nec3 exd3 14.Qxd3 Rfe8 15.Nxf6+ Bxf6 16.Bd2 Bg7
17.Nd5 Bxd5 18.Bxd5+ Kh8 19.Rfe1 Re7 20.Kg2 Rae8 21.h4 Nd8 22.Bxa5 Ne6 23.Bc3 c6
24.Bxg7+ Nxg7 25.Bf3 Re6 26.b4 Qc7 27.Qd4 b6 28.b5 c5 29.Qc3 Qa7 30.Bc6 Rd8
31.Rbd1 Qa4 32.e4 fxe4 33.h5 gxh5 34.f5 Re5 35.Qxe5 Qc2+ 36.Kh3 dxe5 37.Rxd8+ Ne8
38.f6 Kg8 39.Bd5+  1-0

[Event "FSGM April"]
[Site "Budapest HUN"]
[Date "2001.04.10"]
[Round "4"]
[White "Berkes,F"]
[Black "Narciso Dublan,M"]
[Result "1/2-1/2"]
[WhiteElo "2393"]
[BlackElo "2544"]

1.c4 e5 2.g3 Nc6 3.Bg2 Bc5 4.Nc3 d6 5.e3 a6 6.Nge2 Nge7 7.O-O O-O 8.b3 Ba7
9.Bb2 Bf5 10.Nd5 Bd3 11.Re1 Nxd5 12.cxd5 Nb4 13.Nc1 Bg6 14.d3 c6 15.dxc6 Nxc6
16.Qd2 Rc8 17.Ne2  1/2-1/2

[Event "Solett Open"]
[Site "Skelleftea SWE"]
[Date "2001.04.10"]
[Round "1"]
[White "Krylov,St"]
[Black "Ornstein,P"]
[Result "1-0"]
[WhiteElo "2295"]
[BlackElo "2035"]

1.c4 e5 2.g3 g6 3.Bg2 Bg7 4.Nc3 Nc6 5.Rb1 a5 6.e3 d6 7.Nge2 Nge7 8.d3 O-O
9.O-O Be6 10.Nd5 Rb8 11.Nec3 Qd7 12.Qa4 Bf5 13.Nxe7+ Nxe7 14.Qxd7 Bxd7 15.Bd2 b6
16.Rfc1 c6 17.b4 Bf5 18.e4 axb4 19.Rxb4 Be6 20.Rd1 Nc8 21.Be3 c5 22.Ra4 Re8
23.Ra6 Re7 24.a4 Reb7 25.Nb5 Bd7 26.h4 Bxb5 27.axb5 Ra7 28.Rxa7 Nxa7 29.Bh3 Nc8
30.Ra1 f6 31.Ra6 Ne7 32.Be6+ Kf8 33.Ra7 Ke8 34.g4 h6 35.Kg2 Bf8 36.Kf3 g5
37.Kg3 Bg7 38.hxg5 fxg5 39.Kf3 Bf8 40.Ke2 Bg7 41.Rd7 Bf8 42.Ra7 Bg7 43.Bd2 Bf6
44.Bc3 Bg7 45.Kd2 Bf6 46.Kc2 Kf8 47.Rd7 Bg7 48.Rxd6 Ng6 49.Rd7 Ne7 50.Kb3 Ke8
51.Ra7 Bf6 52.Rd7 Bg7 53.Ra7 Bf6 54.Bd5 Kf8 55.Rd7 Bg7  1-0

[Event "Israel Open Ch"]
[Site "Tel Aviv ISR"]
[Date "2001.04.13"]
[Round "5"]
[White "Lerner,K"]
[Black "Stisis,Y"]
[Result "1-0"]
[WhiteElo "2575"]
[BlackElo "2381"]

1.c4 e5 2.g3 Nc6 3.Bg2 g6 4.Nc3 Bg7 5.Rb1 a5 6.a3 f5 7.d3 Nf6 8.Bg5 h6 9.Bxf6 Bxf6
10.e3 O-O 11.Nge2 d6 12.O-O Bg7 13.Qd2 Ne7 14.b4 axb4 15.axb4 g5 16.f4 Ng6
17.d4 gxf4 18.exf4 e4 19.Ra1 Rxa1 20.Rxa1 c6 21.Nd1 c5 22.Ne3 Ne7 23.Rd1 cxd4
24.Nxd4 Qb6 25.Ndc2 Rf6 26.Kh1 h5 27.h4 Rg6 28.Kh2 Qa6 29.Bf1 Qa4 30.Qe2 Rh6
31.c5 dxc5 32.Rd8+ Kh7 33.Rxc8 Nxc8 34.Nxf5 cxb4 35.Nxh6 b3 36.Nf5 bxc2 37.Qxh5+ Kg8
38.Qg6 Qd7 39.Nxg7 c1=Q 40.Ne6+ Kh8 41.Qh6+ Kg8 42.Qf8+ Kh7 43.Ng5+ Kg6 44.Be2  1-0

[Event "FSGM April"]
[Site "Budapest HUN"]
[Date "2001.04.14"]
[Round "8"]
[White "Berkes,F"]
[Black "Anka,E"]
[Result "1-0"]
[WhiteElo "2393"]
[BlackElo "2425"]

1.c4 e5 2.g3 Nf6 3.Bg2 d5 4.cxd5 Nxd5 5.Nf3 Nc6 6.O-O Nb6 7.d3 Be7 8.a3 O-O
9.Nbd2 a5 10.b3 f6 11.Bb2 Be6 12.Qc2 Qd7 13.Rfd1 Rfd8 14.Nc4 Nxc4 15.bxc4 Qe8
16.Bc3 Ra6 17.Rdb1 b6 18.Qb2 Bc5 19.Re1 a4 20.Nd2 Na5 21.Qc2 Bd7 22.Bb4 Bf8
23.Rab1 Bc6 24.Bxf8 Kxf8 25.Rb4 Bxg2 26.Kxg2 Nc6 27.Rb2 Nd4 28.Qc3 Qc6+ 29.Kg1 Ra5
30.Ne4 f5 31.Qb4+ Kg8 32.Nc3 Re8 33.Nd5 Rc5 34.Qd2 e4 35.Qe3 Ne6 36.Nb4 Qa8
37.Rc2 Ra5 38.Nd5 Qd8 39.dxe4 fxe4 40.Rd2 Qb8 41.Qxe4 c6 42.Ne3 Qc8 43.Red1 Nc5
44.Qh4 Ra8 45.Rd4 Qc7 46.Nf5 Qe5 47.Nxg7 Kxg7 48.Rd7+ Nxd7 49.Rxd7+  1-0

[Event "Spring Festival"]
[Site "Bucharest ROM"]
[Date "2001.04.15"]
[Round "10"]
[White "Ionescu,Co"]
[Black "Dumitrache,D"]
[Result "0-1"]
[WhiteElo "2504"]
[BlackElo "2425"]

1.c4 e5 2.g3 Nc6 3.Bg2 g6 4.Nc3 Bg7 5.Rb1 a5 6.a3 Nf6 7.b4 axb4 8.axb4 d6
9.d3 h6 10.Nf3 O-O 11.O-O Be6 12.b5 Ne7 13.Nd2 Rb8 14.Ba3 b6 15.Qb3 Qd7 16.Nde4 Nh7
17.Nd5 Nxd5 18.cxd5 Bh3 19.f3 Bxg2 20.Kxg2 f5 21.Nf2 Rbe8 22.Bc1 h5 23.Bd2 Bf6
24.Rbc1 Bd8 25.Rc4 Rf7 26.Ra1 g5 27.h3 g4 28.hxg4 fxg4 29.fxg4 Ref8 30.Ne4 Nf6
31.Nxf6+ Rxf6 32.Be3 Qf7 33.gxh5 Qxh5 34.Qa2 Rg6 35.Rh1 Rxg3+ 36.Kxg3 Qxh1
37.Rg4+ Kf7 38.d4 Rh8 39.dxe5 Qh2+  0-1

[Event "Classics IMB"]
[Site "Gausdal NOR"]
[Date "2001.04.16"]
[Round "2"]
[White "Leer Salvesen,B"]
[Black "Adnoy,H"]
[Result "1/2-1/2"]
[WhiteElo "2306"]
[BlackElo "2185"]

1.c4 e5 2.g3 Nf6 3.Bg2 d5 4.cxd5 Nxd5 5.Nc3 Nb6 6.Nf3 Nc6 7.O-O Be7 8.a3 O-O
9.b4 Be6 10.Rb1 f6 11.d3 a5 12.b5 Nd4 13.Nd2 Qc8 14.e3 Nf5 15.Qc2 Rd8 16.Rd1 a4
17.Bb2 Nd6 18.Ba1 Kh8 19.Qc1 Nf7 20.Bf1 Ng5 21.h4 Nf7 22.Bb2 Nd6 23.Nde4 Bb3
24.Rd2 Nxe4 25.Nxe4 Qe6 26.Nc5 Bxc5 27.Qxc5 Nc4 28.Re2 b6 29.Qxc7 Rac8 30.Qa7 Ra8
31.Qc7 Rac8 32.Qa7 Na5 33.Bg2 Rxd3 34.Ree1 Rd7 35.Qa6 Rdc7 36.Kh2 Qf5 37.Kg1 Rc2
38.Rf1 Qe6 39.Rbc1 h6 40.Rxc2 Bxc2 41.Rc1 Rc4 42.Qa8+  1/2-1/2

[Event "Classics GM"]
[Site "Gausdal NOR"]
[Date "2001.04.18"]
[Round "4"]
[White "Hanley,C"]
[Black "Brynell,S"]
[Result "0-1"]
[WhiteElo "2306"]
[BlackElo "2489"]

1.c4 e5 2.g3 Nf6 3.Bg2 c6 4.d4 exd4 5.Qxd4 d5 6.cxd5 cxd5 7.Nf3 Nc6 8.Qa4 Bc5
9.O-O O-O 10.Bg5 h6 11.Bxf6 Qxf6 12.Nc3 Be6 13.Ne1 Rfd8 14.Nd3 Bb6 15.Rac1 Rac8
16.Nf4 Qe5 17.Rfd1 d4 18.Ne4 Bf5 19.Nd3 Qe7 20.Ndc5 d3 21.e3 d2 22.Rc3 Bg4
23.f3 Bf5 24.Qb5 Rd5 25.b4 Rcd8 26.a3 Bxe4 27.fxe4 R5d6 28.Qe2 Ne5 29.Rc2 Bxc5
30.Rxc5 Rd3 31.Rd5 R8xd5 32.exd5 Rxa3 33.Rxd2 Ra1+ 34.Rd1 Rxd1+ 35.Qxd1 Nc4
36.e4 Qxb4 37.h4 Qc5+ 38.Kh2 Qf2 39.d6 Ne3 40.Qf3 Qxf3 41.Bxf3 Kf8 42.Be2 Ke8  0-1

[Event "Classics IMB"]
[Site "Gausdal NOR"]
[Date "2001.04.22"]
[Round "9"]
[White "Ekeberg,C"]
[Black "Adnoy,H"]
[Result "1/2-1/2"]
[WhiteElo "2098"]
[BlackElo "2185"]

1.c4 e5 2.g3 Nf6 3.Bg2 d5 4.cxd5 Nxd5 5.Nf3 Nc6 6.O-O Nb6 7.d3 Be7 8.Nbd2 O-O
9.a3 a5 10.b3 f5 11.Bb2 Bf6 12.Qc2 Qe8 13.e4 Qf7 14.Rfe1 Re8 15.Rad1  1/2-1/2